000 00580nam a2200181 i 4500
001 150239
003 ES-MaACL
005 20230906203431.0
007 t|
008 071029s1971 sp ||||1| spa d
100 1 _aVaccaro, Mario.
_9112367
245 1 0 _aCría moderna de los conejos /
_cMario Vaccaro ; [traducción revisada y adaptada por Joaquín Capdevila Pous].
260 _a[Barcelona :
_bDe Vecchi,
_c1971]
300 _a191 p. :
_bil. ;
_c21 cm.
650 1 4 _aCunicultura.
_911525
700 1 _aCapdevila Pous, Mario.
_934802
852 _aES-MaACL
_jC-45782
_bR.77211
999 _c150239
_d150239